000 00340nam a2200133Ia 4500
008 240624s9999 xx 000 0 und d
041 _aeng
082 _a658.402 NEW
100 _aSCANNELL MARY
245 _aBIG BOOK OF TEAM BUILDING GAMES
260 _c2009
_aNew Delhi
_bTata McGraw- Hill
300 _a238 : p. : cm. ; 24
365 _cRS
999 _c16989
_d16989